MDQL
is popping MORE tags! Check the
thread
!
Quizzes
Events
Quiz Creation
Community
Videos
Private Events
Remove Ads
Sign In
Join for FREE
Feedback
Dark Mode
Quiz Categories
Sports
Geography
Music
Movies
Television
Just For Fun
Miscellaneous
History
Literature
Language
Science
Gaming
Entertainment
Religion
Holiday
For Kids
Quiz Lab
Recent
Popular Today
Quiz Kudos Today
Editor Picks
Curator Picks
Quizzes by...
Day
Popularity
Type
Ratings
Length
Year
Community
Subscriptions
Recent Discussions
Orange Saloon
Badges
Playlists
Quests
Create
Leaderboards
Showdown
Live 5
Trivia Bingo
Activity
Puzzle Library
Sporcle Events
Private Events
Virtual Trivia
Globe League
Become a Host
Pub Owners
SporcleCon
Opinionation
Our Games
Videos
Blog
Mobile Apps
Partnerships
Remove Ads and Go Orange
Feedback
Television
TV Characters
TV Show
Sitcom
Network
Friends
Reality Shows
Cast
South Park
Star Trek
The Simpsons
Doctor Who
Television
TV Characters
TV Show
Sitcom
Network
Friends
Reality Shows
Cast
South Park
Star Trek
The Simpsons
Doctor Who
Random Quiz
Search Sporcle
×
Quiz Lab
Quiz Lab
Television
Doctor Who
Type in answers that appear in a list
Type in answers that appear in a list
Classic
Best Score? Go Orange.
Doctor Who Episodes (1963 - 2014) Stats
Can you name the Doctor Who Episodes (1963 - 2014)?
By
TheWhovian
20m
258 Questions
22 Plays
22 Plays
22 Plays
Comments
Comments
Give Quiz Kudos
Give Quiz Kudos
-
- Ratings
hide this ad
Replay
Link that replays current quiz
Next Quiz
Link to next quiz in quiz playlist
You Got
0%
They Got
Avg Score
44%
Avg Friend Score
Upgrade to see
Score Distribution
Jump to the score distribution portion of the page
Score
0/258
Timer
20:00
0
Plays Today
Hint
Answer
% Correct
Dalek
86.4%
Daleks in Manhattan
86.4%
Into the Dalek
86.4%
The Daleks
81.8%
The Power of the Daleks
81.8%
The Evil of the Daleks
81.8%
The Tomb of the Cybermen
81.8%
Day of the Daleks
81.8%
Planet of the Daleks
81.8%
Death to the Daleks
81.8%
Genesis of the Daleks
81.8%
Revenge of the Cybermen
81.8%
Destiny of the Daleks
81.8%
Resurrection of the Daleks
81.8%
Revelation of the Daleks
81.8%
Remembrance of the Daleks
81.8%
Victory of the Daleks
81.8%
Asylum of the Daleks
81.8%
An Unearthly Child
77.3%
Attack of the Cybermen
77.3%
The Daleks' Master Plan
72.7%
Rise of the Cybermen
72.7%
The Web Planet
68.2%
The Tenth Planet
68.2%
The Pirate Planet
68.2%
The Trial of a Time Lord (Part 1) - The Mysterious Planet
68.2%
The Impossible Planet
68.2%
The Next Doctor
68.2%
Vincent and the Doctor
68.2%
The Name of the Doctor
68.2%
The Day of the Doctor
68.2%
The Time of the Doctor
68.2%
The Dalek Invasion of Earth
63.6%
The Seeds of Death
63.6%
The Ambassadors of Death
63.6%
The Green Death
63.6%
The Robots of Death
63.6%
The Invasion of Time
63.6%
City of Death
63.6%
Aliens of London
63.6%
The Stolen Earth
63.6%
The End of Time
63.6%
A Good Man goes to War
63.6%
Closing Time
63.6%
Cold War
63.6%
The Reign of Terror
59.1%
The Macra Terror
59.1%
The Abominable Snowmen
59.1%
Fury from the Deep
59.1%
The Invasion
59.1%
Spearhead from Space
59.1%
Robot
59.1%
The Android Invasion
59.1%
Rose
59.1%
The Christmas Invasion
59.1%
The Hungry Earth
59.1%
The Impossible Astronaut
59.1%
The Aztecs
54.5%
The Enemy of the World
54.5%
The Web of Fear
54.5%
The Wheel in Space
54.5%
Colony in Space
54.5%
The Three Doctors
54.5%
Frontier in Space
54.5%
Planet of the Spiders
54.5%
The Ark in Space
54.5%
The End of the World
54.5%
The Power of Three
54.5%
Kill the Moon
54.5%
The Ark
50%
The Highlanders
50%
Inferno
50%
The Mind of Evil
50%
The Time Warrior
50%
Invasion of the Dinosaurs
50%
Planet of Evil
50%
The Seeds of Doom
50%
The Invisible Enemy
50%
Four to Doomsday
50%
The Five Doctors
50%
Warriors of the Deep
50%
The Two Doctors
50%
The Unquiet Dead
50%
The Empty Child
50%
New Earth
50%
Silence in the Library
50%
Hint
Answer
% Correct
Planet of the Dead
50%
The Time of Angels
50%
Marco Polo
45.5%
The Keys of Marinus
45.5%
The Massacre
45.5%
The Underwater Menace
45.5%
The Ice Warriors
45.5%
The War Games
45.5%
The Sontaran Experiment
45.5%
The Hand of Fear
45.5%
Logopolis
45.5%
Mawdryn Undead
45.5%
The Caves of Androzani
45.5%
Time and the Rani
45.5%
The Greatest Show in the Galaxy
45.5%
Last Christmas
45.5%
The Edge of Destruction
40.9%
The Sensorites
40.9%
Planet of Giants
40.9%
The Rescue
40.9%
The Romans
40.9%
The Space Museum
40.9%
The Chase
40.9%
The Time Meddler
40.9%
Galaxy 4
40.9%
The Myth Makers
40.9%
The Smugglers
40.9%
The Moonbase
40.9%
The Mind Robber
40.9%
The Space Pirates
40.9%
Doctor Who and the Silurians
40.9%
Terror of the Autons
40.9%
The Curse of Peladon
40.9%
The Time Monster
40.9%
Carnival of Monsters
40.9%
The Monster of Peladon
40.9%
Terror of the Zygons
40.9%
The Face of Evil
40.9%
The Stones of Blood
40.9%
The Horns of Nimon
40.9%
Shada
40.9%
Full Circle
40.9%
The Keeper of Traken
40.9%
Castrovalva
40.9%
Arc of Infinity
40.9%
Terminus
40.9%
Enlightenment
40.9%
Planet of Fire
40.9%
The Twin Dilemma
40.9%
The Long Game
40.9%
Father's Day
40.9%
Boom Town
40.9%
Bad Wolf
40.9%
Tooth and Claw
40.9%
School Reunion
40.9%
Army of Ghosts
40.9%
Human Nature
40.9%
Blink
40.9%
In the Forest of the Night
40.9%
Dark Water
40.9%
Mission to the Unknown
36.4%
The Celestial Toymaker
36.4%
The Gunfighters
36.4%
The War Machines
36.4%
The Faceless Ones
36.4%
The Dominators
36.4%
The Krotons
36.4%
The Claws of Axos
36.4%
The Daemons
36.4%
The Sea Devils
36.4%
Pyramids of Mars
36.4%
The Talons of Weng-Chiang
36.4%
Horror of Fang Rock
36.4%
Image of the Fendahl
36.4%
Underworld
36.4%
The Androids of Tara
36.4%
The Leisure Hive
36.4%
State of Decay
36.4%
Warriors' Gate
36.4%
Kinda
36.4%
The Visitation
36.4%
Black Orchid
36.4%
Earthshock
36.4%
Time-Flight
36.4%
Snakedance
36.4%
The Awakening
36.4%
Hint
Answer
% Correct
Frontios
36.4%
Vengeance on Varos
36.4%
The Mark of the Rani
36.4%
Timelash
36.4%
The Trial of a Time Lord (Part 2) - Mindwarp
36.4%
The Curse of Fenric
36.4%
Survival
36.4%
Doctor Who - The Movie
36.4%
Fear Her
36.4%
The Lazarus Experiment
36.4%
Voyage of the Damned
36.4%
The Sontaran Stratagem
36.4%
The Doctor's Daughter
36.4%
The Doctor's Wife
36.4%
The Crimson Horror
36.4%
Nightmare in Silver
36.4%
The Crusade
31.8%
The Savages
31.8%
The Mutants
31.8%
The Brain of Morbius
31.8%
The Deadly Assassin
31.8%
The Ribos Operation
31.8%
The Power of Kroll
31.8%
The Armageddon Factor
31.8%
The Creature from the Pit
31.8%
Meglos
31.8%
Delta and the Bannermen
31.8%
Dragonfire
31.8%
Silver Nemesis
31.8%
Battlefield
31.8%
Ghost Light
31.8%
The Girl in the Fireplace
31.8%
The Idiot's Lantern
31.8%
The Runaway Bride
31.8%
Smith and Jones
31.8%
Gridlock
31.8%
42
31.8%
Utopia
31.8%
Planet of the Ood
31.8%
The Unicorn and the Wasp
31.8%
Midnight
31.8%
The Masque of Mandragora
27.3%
The Sun Makers
27.3%
The King's Demons
27.3%
Paradise Towers
27.3%
The Happiness Patrol
27.3%
Love and Monsters
27.3%
The Shakespeare Code
27.3%
The Sound of Drums
27.3%
The Waters of Mars
27.3%
The Vampires of Venice
27.3%
A Christmas Carol
27.3%
The Curse of the Black Spot
27.3%
The Rebel Flesh
27.3%
Let's Kill Hitler
27.3%
The Wedding of River Song
27.3%
The Doctor, the Widow and the Wardrobe
27.3%
The Angels take Manhattan
27.3%
The Snowmen
27.3%
The Bells of Saint John
27.3%
Deep Breath
27.3%
Nightmare of Eden
22.7%
Partners in Crime
22.7%
The Fires of Pompeii
22.7%
Turn Left
22.7%
The Eleventh Hour
22.7%
Amy's Choice
22.7%
The Lodger
22.7%
The Pandorica Opens
22.7%
The God Complex
22.7%
Dinosaurs on a Spaceship
22.7%
The Rings of Akhaten
22.7%
Hide
22.7%
Robot of Sherwood
22.7%
Time Heist
22.7%
Flatline
22.7%
The Trial of a Time Lord (Part 3) - Terror of the Vervoids
18.2%
The Beast Below
18.2%
Night Terrors
18.2%
The Girl who Waited
18.2%
A Town called Mercy
18.2%
Journey to the Centre of the TARDIS
18.2%
Listen
18.2%
The Caretaker
18.2%
Mummy on the Orient Express
18.2%
The Trial of a Time Lord (Part 4) - The Ultimate Foe
13.6%
Quiz Playlist
Details
Report
Send in Message
Add To Playlist
Classic:
Type in answers that appear in a list
Last Updated: Feb 16, 2017
Quiz Scoreboard
CHALLENGE
Sign Up to Join the Scoreboard
Show All
Scores
Hide
Comments
May contain spoilers
Recently Published
1-10 Letter E Words III
by El_Dandy
Language
2m
Street Fighter Characters
by Artimus82
Gaming
60s
College Basketball Coaching Resumes
by pancakes188
Sports
9m
More to Explore
Quiz From the Vault
Featured Blog Post
Where Did the Easter Bunny Come From?
hide this ad
You Might Also Like...
Tags
Doctor Who Quiz
Sci-fi Television
Today's Top Quizzes in Television
Browse Television
hide this ad
Today's Top Quizzes in Doctor Who
Browse Doctor Who
Top Contributed Quizzes in Television
1
5-to-1: The Simpsons Families
2
Adjectives in 80s TV Shows
3
Adjectives in 00s TV Shows
4
Survivor Journey Challenge
5
5-to-1: Television Doctors
6
7-to-1: TV Show Settings
7
Adjectives in 10s TV Shows
8
5-to-1: Streaming Originals
9
Survivor Seasons
10
Adjectives in 70s TV Shows
Explore More
Trending Topics
Kpop
Marvel
Disney
Crossword
NBA
Harry Potter
Anime
Soccer
Pokémon
NFL
Puzzle
Country
The Office
Song
WWE
hide this ad
More By:
TheWhovian
Quiz
Plays
Rating
Category
Featured
Created
Doctor Who Episodes (1963 - 2014)
22
Television
May 21, 2015
Go to Creator's Profile
Score Distribution
Quiz Creator Spotlight
TheWhovian
Follow
Send a Message
Quizzes Created
-
Created Quiz Play Count
-
More By This Creator
Popular Quizzes Today
1
Find the US States - No Outlines Minefield
2
Find the Countries of Europe - No Outlines Minefield
3
The Countries of the World
4
Find the US States
5
Risky Map Clicking: Biggest States A-Z
6
US States
7
Popular People in 1961
8
Movies - When Are They Set?
More Television Quizzes
1960's TV Character Occupations
Curator's Pick
Trending Quizzes
Risky Map Clicking: Least Populous States A-Z
Billboard Blitz: Aretha Franklin
Famous Russians: Author or Composer?
1-10 Letter G Words
Countries of the World: 200 Million BC
Recently Updated
Leaping Animals
pecheneg
Reality TV Shows (A-Z)
bhenderson79
Rickey Henderson's Hall of Fame Teammates
pecheneg
Champions League XIs: Arsenal
pecheneg
Quick Pick: Celebrities in WWE's Hall of Fame
aduchscher
A-Z Keypad Blitz II
pecheneg
Multiple Oscar Actors
pecheneg
Mystery Phrase Blitz: Oscar 'Best Actors'
pecheneg
F. Scott Fitzgerald Novels
LTH
Pick 3 Villains
ddd62291
Trending Topics
NBA
Marvel
Crossword
Anime
Disney
Kpop
Harry Potter
Soccer
Country
WWE
Song
Pokémon
The Office
Puzzle
NFL
Your Account Isn't Verified!
In order to create a playlist on Sporcle, you need to verify the email address you used during registration. Go to your
Sporcle Settings
to finish the process.
Report this User
Report this user for behavior that violates our
Community Guidelines
.
Details:
Send Report
Go to the Sporcle.com Mobile Site →
Comments